| 000 | 01546nam a22003737a 4500 | ||
|---|---|---|---|
| 001 | BRCA_9257 | ||
| 003 | FranzMayer | ||
| 005 | 20230717135922.0 | ||
| 008 | 230714b |||||||| |||| 00| 0 eng d | ||
| 020 | _a9786075028200 | ||
| 040 |
_aMFM _besp _cMFM |
||
| 041 | _aesp | ||
| 050 | 0 |
_aN7343.23 _bL.57 2020 |
|
| 100 | 1 |
_4Autor _aLi Song _928730 |
|
| 110 | 1 |
_4Editorial _aUniversidad de Veracruz _928731 |
|
| 240 | 1 |
_aHistoria el arte chino _hTomo 1 _lesp |
|
| 245 | 0 |
_aHistoria del arte chino _bTomo 1: Del periodo anterior a la dinastía Qin a la dinastía Han |
|
| 260 |
_aVeracruz, México _bUniversidad de Veracruz _c2020 |
||
| 300 |
_a462 p _bIlustraciones a color _c23 cm |
||
| 440 |
_aHistoria del arte chino _nDel periodo anterior a la dinastía Qin a la dinastía Han _vVolumen 1 (Tomo 1) _928732 |
||
| 500 | _aL60/N5 | ||
| 505 | 2 | _aTraducción de: Zhongguo MesihuPublicado con anterioridad como: Zhongguo MeishuDestinado a: Artistas, historiadores, antropólogos, investigadoresTexto en: EspañolIncluye índice temático | |
| 600 | 1 |
_2Autor _aLi Song _928733 |
|
| 650 | 1 |
_2Arte _aHistoria del arte _vChina _928734 |
|
| 651 | 2 |
_2Asia Oriental _aChina _vArte _928735 |
|
| 700 | 1 |
_4Ed. _aGarcía Valencia, Édgar _928736 |
|
| 700 | 1 |
_4Dis. _aPozos Villanueva, Aida _928737 |
|
| 700 | 1 |
_4Trad. _aCelis, Martha _928738 |
|
| 700 | 1 |
_4Trad. _aÁlvarez, Claudia _928739 |
|
| 700 | 1 |
_4Trad. _aSoberón, Socorro _928740 |
|
| 700 | 1 |
_4Trad. _aSentis Miranda, Emma _928741 |
|
| 700 | 1 |
_4Trad. _aDimitrova, Radina _928742 |
|
| 942 |
_2lcc _cB |
||
| 999 |
_c10876 _d10876 |
||